| 000 | 00419nam a2200157Ia 4500 | ||
|---|---|---|---|
| 008 | 210716s2005 xx 000 0 und d | ||
| 020 | _a9788173197024 | ||
| 041 | _aeng | ||
| 082 | _a005.368 JALP | ||
| 100 | _aJalote, Pankaj. | ||
| 245 | _aIntegrated approach to software engineering. | ||
| 250 | _a3 | ||
| 260 |
_aNew Delhi _bNarosa Publishing House _c2005 |
||
| 300 | _axiii,495 | ||
| 650 | _aSoftware Engineering | ||
| 999 |
_c192197 _d192197 |
||